000 00422nam a2200193Ia 4500
005 20240823020444.0
008 240823s9999||||xx |||||||||||||| ||und||
020 _a81-7167-409-7
041 _aENGLISH
082 _A823 P5
100 _aJane Austen
245 0 _aEmma
250 _a1st
260 _c2005
_b"Rupa,New "
_aNew Delhi
500 _aYES
650 _aGeneral
_bGeneral
942 _cBK
999 _c174791
_d174791